Aktuálne trendy vo vývoji svetovej ekonomiky

Hospodárska situácia vo svete. Zvýšená makroekonomická regulácia. Monetárna politika, menové turbulencie. Verejný a súkromný dlh, manažment vládneho dlhu. Čína a jej vplyv na globálnu ekonomiku. Ropa a svetová mena. Riziko finančnej krízy.

Gespeichert in:
Bibliographische Detailangaben
1. Verfasser: Bikár, Miloš, 1973-
Format: Buchkapitel
Sprache:Slowakisch
Schlagworte:
Tags: Tag hinzufügen
Keine Tags, Fügen Sie das erste Tag hinzu!

MARC

LEADER 00000naa$a2200000$$$4500
001 0210149
005 20240502073510.4
041 0 |a slo 
044 |a SK 
245 1 0 |a Aktuálne trendy vo vývoji svetovej ekonomiky  |c Miloš Bikár 
520 |a Hospodárska situácia vo svete. Zvýšená makroekonomická regulácia. Monetárna politika, menové turbulencie. Verejný a súkromný dlh, manažment vládneho dlhu. Čína a jej vplyv na globálnu ekonomiku. Ropa a svetová mena. Riziko finančnej krízy. 
610 2 0 |a situácia hospodárska 
610 2 0 |a trh finančný medzinárodný 
610 2 0 |a banky centrálne 
610 2 0 |a makroekonomika 
610 2 0 |a regulácia 
610 2 0 |a politika menová 
610 2 0 |a dlhy 
610 2 0 |a dlhy verejné 
610 2 0 |a Čína 
610 2 0 |a ropa 
100 1 |a Bikár, Miloš, 1973-